[Event "Krakow op-D"]
[Site "Krakow"]
[Date "2005.12.30"]
[Round "5"]
[White "Leczek, Kornel"]
[Black "Jastrzebski, Lukasz"]
[Result "1-0"]
[WhiteElo "1600"]
[BlackElo "1600"]
[PlyCount "97"]
[EventDate "2005.12.27"]
[EventType "swiss"]
[EventRounds "9"]
[EventCountry "POL"]
[SourceTitle "CBM 110 Extra"]
[Source "ChessBase"]
[SourceDate "2006.03.10"]
[SourceVersion "2"]
[SourceVersionDate "2006.03.10"]
[SourceQuality "1"]

1. e4 c5 2. Nf3 Nc6 3. d4 cxd4 4. Nxd4 Nf6 5. Nc3 e6 6. Bc4 a6 7. Bb3 g6 8. Be3 Bg7 9. Qe2 d5 10. exd5 Nxd5 11. Nxd5 exd5 12. Nxc6 bxc6 13. Bg5+ Be6 14. Bxd8 Rxd8 15. 0-0 0-0 16. c3 Rfe8 17. Qxa6 c5 18. Rfe1 c4 19. Bc2 Re7 20. Qb6 Rc8 21. Qe3 Rc6 22. Qd2 Rb6 23. Rab1 Ra6 24. a3 Rb6 25. Bd1 Re8 26. Bf3 Rd6 27. Bg4 Rf8 28. Bxe6 fxe6 29. Re2 Re8 30. Rbe1 Kh8 31. a4 Kg8 32. a5 Kf7 33. Qf4+ Ke7 34. Ra1 Ra8 35. Qh4+ Kf7 36. Qf4+ Ke7 37. a6 Rdxa6 38. Rxa6 Rxa6 39. Qc7+ Kf6 40. Qd8+ Kf5 41. h3 Ra1+ 42. Kh2 Be5+ 43. g3 Bf6 44. g4+ Kg5 45. h4+ Kxg4 46. Qxf6 Rf1 47. Qg5+ Kf3 48. Re3+ Kxf2 49. Qf4# 1-0

[Event "Krakow op-D"]
[Site "Krakow"]
[Date "2003.12.27"]
[Round "1"]
[White "Leczek, Kornel"]
[Black "Kula, Alicja"]
[Result "1-0"]
[WhiteElo "1600"]
[BlackElo "1250"]
[PlyCount "61"]
[EventDate "2003.12.27"]
[EventType "swiss"]
[EventRounds "9"]
[EventCountry "POL"]
[SourceTitle "EXT 2006"]
[Source "ChessBase"]
[SourceDate "2005.11.24"]
[SourceVersion "1"]
[SourceVersionDate "2005.11.24"]
[SourceQuality "1"]

1. e4 e6 2. d4 d5 3. e5 Bd7 4. c4 Bb4+ 5. Nc3 dxc4 6. Bxc4 a6 7. a3 Bb5 8. Bxb5+ axb5 9. axb4 c6 10. Rxa8 Ne7 11. Bg5 h6 12. Bxe7 Qc8 13. Bd6 Kd7 14. Rxb8 Qxb8 15. Bxb8 Rxb8 16. Qf3 Rf8 17. Nge2 Re8 18. Qxf7+ Re7 19. Qf8 b6 20. 0-0 h5 21. Ra1 Re8 22. Qd6+ Kc8 23. Ra8+ Kb7 24. Qd7+ Kxa8 25. Qxe8+ Kb7 26. Qd8 Ka7 27. Qc7+ Ka8 28. Nf4 g6 29. Nxe6 c5 30. Nd8 cxb4 31. Qb7# 1-0